Breve historia contemporánea de la Argentina (Registro nro. 3798)

Detalles MARC
000 -LEADER
fixed length control field 01141 a2200241 4500
001 - CONTROL NUMBER
control field 44598
005 - DATE AND TIME OF LATEST TRANSACTION
control field 20260407155722.0
008 - FIXED-LENGTH DATA ELEMENTS--GENERAL INFORMATION
fixed length control field 260407a2017 arg spa d
003 - CONTROL NUMBER IDENTIFIER
control field AR-UNSa-BCEJYS
040 ## - CATALOGING SOURCE
Original cataloging agency AR-UNSa-BCEJYS
Language of cataloging spa
Transcribing agency AR-UNSa-BCEJYS
080 ## - UNIVERSAL DECIMAL CLASSIFICATION NUMBER
Universal Decimal Classification number 94(82)
Common auxiliary subdivision Historia de Argentina
020 ## - INTERNATIONAL STANDARD BOOK NUMBER
International Standard Book Number 978-987-719-129-5
041 ## - LANGUAGE CODE
Language code of text/sound track or separate title spa
100 1# - MAIN ENTRY--PERSONAL NAME
Personal name Romero, Luis Alberto
245 10 - TITLE STATEMENT
Title Breve historia contemporánea de la Argentina
Name of part/section of a work 1916-2016
250 ## - EDITION STATEMENT
Edition statement 4a. ed.
264 #1 - PRODUCTION, PUBLICATION, DISTRIBUTION, MANUFACTURE, AND COPYRIGHT NOTICE
Place of production, publication, distribution, manufacture Buenos Aires :
Name of producer, publisher, distributor, manufacturer Fondo de Cultura Económica
Date of production, publication, distribution, manufacture, or copyright notice 2017
300 ## - PHYSICAL DESCRIPTION
Extent 439 p.
Dimensions 23 cm.
505 ## - FORMATTED CONTENTS NOTE
Formatted contents note 1. 1916 - 2. Los gobiernos radicales, 1916-1930 - 3. La restauración conservadora, 1930-1943 - 4. El gobierno de Perón, 1943-1955 - 5. El empate, 1955-1966 - 6. Dependencia o liberación, 1966-1976 - 7. El Proceso, 1976-1983 - 8. El impulso y su freno, 1983-1989 - 9. La gran transformación, 1989-1999 - 10. Crisis y reconstrucción, 1999-2005 - 11. Una oportunidad perdida, 2005-2015
590 ## - LOCAL NOTE (RLIN)
Local note niveau_biblio:m niveau_hierar:0
856 41 - ELECTRONIC LOCATION AND ACCESS
Uniform Resource Identifier <a href="https://biblioeco.unsa.edu.ar/pmb/images/libros/L126925.jpg">https://biblioeco.unsa.edu.ar/pmb/images/libros/L126925.jpg</a>
Link text Imagen de portada
Electronic format type image/jpeg
942 ## - ADDED ENTRY ELEMENTS (KOHA)
Koha item type
Existencias
Withdrawn status Lost status Damaged status Not for loan Home library Current library Shelving location Date acquired Total checkouts Full call number Barcode Date last seen Price effective from Koha item type
        Biblioteca Prof. Eusebio Cleto del Rey Biblioteca Prof. Eusebio Cleto del Rey   07/04/2026   94(82) R763 4ed. L126925 07/04/2026 07/04/2026 Libro